000 00701nam a22002177a 4500
999 _c21610
_d21610
003 AR-CdUCM
008 190312b ||||| |||| 00| 0 spa d
020 _a9786124272189
040 _aMUNICIPALIDAD PROVINCIAL DEL CUSCO
_cBIBLIOTECA MUNICIPAL DEL CUSCO
082 _a869.57/T62
_bT62
100 _aTitinger, Daniel
_945520
245 _aNo quiero salir de casa :
_bcrónicas de viaje, y otros viajes /
_cDaniel Titinger
260 _aLima :
_bDebate,
_c2017.
300 _a250 páginas. :
_c23 cm.
650 _aCrónicas literarias peruanas
_945521
650 _aCrónicas periodísticas
_93425
650 _aSiglo XXI
_945522
650 _aPerú
_945523
942 _2ddc
_cLIBROS
945 _aRoel